000 00355nam a2200133Ia 4500
008 210716s2003 xx 000 0 und d
020 _a9780070254985
041 _aeng
082 _a174.9363 HARV
245 _aHarvard business review on corporate responsibility.
250 _a1
260 _aBoston
_bHarvard Business Review
_c2003
300 _avii.231
999 _c202729
_d202729